Contribution à l'amélioration de l'image d'une société en coours de redressement: cas de Bénin TELECoMS SA (Record no. 9827)
[ view plain ]
| 000 -LEADER | |
|---|---|
| fixed length control field | 00629 a2200253 4500 |
| 040 ## - SOURCE DU CATALOGAGE | |
| Original cataloging agency | ENEAM |
| 100 ## - VEDETTE PRINCIPALE - NOM DE PERSONNE | |
| Personal name | GANMAVO, M Angelo |
| 130 ## - VEDETTE PRINCIPALE - TITRE UNIFORME | |
| Language of a work | Fr |
| 260 ## - PUBLICATION, DISTRIBUTION, ETC. (IMPRINT) | |
| Place of publication, distribution, etc | Cotonou |
| 260 ## - PUBLICATION, DISTRIBUTION, ETC. (IMPRINT) | |
| Name of publisher, distributor, etc | ENEAM |
| 245 ## - TITLE STATEMENT | |
| Title | Contribution à l'amélioration de l'image d'une société en coours de redressement: cas de Bénin TELECoMS SA |
| 260 ## - PUBLICATION, DISTRIBUTION, ETC. (IMPRINT) | |
| Date of publication, distribution, etc | 2007 |
| 300 ## - PHYSICAL DESCRIPTION | |
| Other physical details | 50 p |
| 500 ## - GENERAL NOTE | |
| General note | 1 ex |
| 650 ## - SUBJECT ADDED ENTRY--TOPICAL TERM | |
| Topical term or geographic name as entry element | GESTION COMMERCIALE |
| 650 ## - SUBJECT ADDED ENTRY--TOPICAL TERM | |
| Topical term or geographic name as entry element | MARKETION |
| 650 ## - SUBJECT ADDED ENTRY--TOPICAL TERM | |
| Topical term or geographic name as entry element | ACTION COMMERCIALE |
| 650 ## - SUBJECT ADDED ENTRY--TOPICAL TERM | |
| Topical term or geographic name as entry element | IMAGE D'UNE SOCIETE |
| 650 ## - SUBJECT ADDED ENTRY--TOPICAL TERM | |
| Topical term or geographic name as entry element | AMLIORATION |
| 650 ## - SUBJECT ADDED ENTRY--TOPICAL TERM | |
| Topical term or geographic name as entry element | REDRESSEMENT |
| 700 ## - ADDED ENTRY--PERSONAL NAME | |
| Personal name | TCHIKOU, Glwadys U. |
| Withdrawn status | Lost status | Damaged status | Not for loan | Location (home branch) | Sublocation or collection (holding branch) | Date acquired | Koha issues (times borrowed) | Koha full call number | Koha date last seen | Price effective from | Koha item type |
|---|---|---|---|---|---|---|---|---|---|---|---|
| Bibliothèque de l'Ecole Nationale d'Economie Appliquée et de Management | Bibliothèque de l'Ecole Nationale d'Economie Appliquée et de Management | 27/02/2009 | 2007/mac/021 | 27/02/2009 | 27/02/2009 | Livre |